LEADER 00936nam0-22003011i-450- 001 990007379370403321 010 $a3-7873-0922-5 035 $a000737937 035 $aFED01000737937 035 $a(Aleph)000737937FED01 035 $a000737937 100 $a20021212d1989----km-y0itay50------ba 101 0 $ager 102 $aDE 105 $ac-------001yy 200 1 $aChristian Thomasius 1655-1728$eInterpretationen zu Werk und Wirkung, Mit einer Bibliographie der neuren Thomasius-Literatur$fHrsg. von Werner Schneiders 210 $aHamburg$cMeiner$d1989 215 $aIX, 363 p.$critr.$d24 cm 225 1 $aStudien zum Achtzehnten Jahrhundert$vBd. 11 676 $v907.2$a20$zit 702 1$aSchneider,$bWerner 801 0$aIT$bUNINA$gRICA$2UNIMARC 901 $aBK 912 $a990007379370403321 952 $aXXXVII F 5$b3998 ddr$fDDR 959 $aDDR 996 $aChristian Thomasius 1655-1728$9692889 997 $aUNINA LEADER 00857nam0-22003011i-450- 001 990003861600403321 005 20080121100237.0 035 $a000386160 035 $aFED01000386160 035 $a(Aleph)000386160FED01 035 $a000386160 100 $a20030910d--------km-y0itay50------ba 101 0 $aita 102 $aIT 200 1 $aRestrictive Trade Practices and Monopolies$fby Andrew Martin. 210 $aLondon$cRoutledge & Kegan Paul$d1957. 215 $axii, 264 p.$d22 cm 610 0 $aLegislazione antimonopolistica$aStati Uniti 676 $aF/1.221 676 $aG/3.22 700 1$aMartin,$bAndrew$0382493 801 0$aIT$bUNINA$gRICA$2UNIMARC 901 $aBK 912 $a990003861600403321 952 $aG/3.22 MAR$b011297$fSES 959 $aSES 996 $aRestrictive Trade Practices and Monopolies$9514482 997 $aUNINA